LEADER 02008nam a2200301 i 4500 001 000000133420 003 CaOOAMICUS 005 20251024143806.0 008 170130s1744 it u000 u ita u 026 $aa-e. iaa. a-n- siac (3) 1744 (R) 040 $aSeMil$bita 100 1 $aBesozzo, Giovanni Giacomo.$0(OLS)http://semarc/name/83628 245 10$aBreve compendio delle cose appartenenti alla ven., ed insigne confraternita della serafica s. Catterina da Siena unita a quella del santissimo Duomo di Milano, ed aggregata alla ven. arciconfraternita della Minerva di Roma, ... raccolta fatta da Gio: Giacomo Besozzo ... l'anno 1694. Ed accomodata allo stato presente per ordine Capitolare del dì 18. giugno 1735. 264 1$aIn Milano :$bPer Pietro Antonio Frigerio, vicino a Santa Margarita,$c1744. 300 $a[8], 66, [2] p. ;$c4°. 500 $aIniz. xilogr. 500 $aSegn.: *? A-H? I² 500 $aConsistenza: 3 copie 700 1 $aFrigerio, Pietro Antonio,$c.$0(OLS)http://semarc/name/25676 850 $aSeMil 852 $aSeMil$W1$xVenegono$y1$m3O III 65 FA$j87261$B87261$CSeMilBibl$Z2$F91314 $8I 852 $aSeMil$W1$xVenegono$y1$m3Z VI 14/5 FA$j250460$B250583$CSeMilBibl$Z2$F250583 $8I 852 $aSeMil$W1$xVenegono$y1$m5B II 41/18 FA$j263801$B255667$CSeMilBibl$Z2$F255667 $8I 941 1 $a10 961 $aLegato nella miscellanea con segnatura 3Z VI 14/1 FA 996 $6245$aBreve compendio delle cose appartenenti alla ven., ed insigne confraternita della serafica s. Catterina da Siena unita a quella del santissimo Duomo di Milano, ed aggregata alla ven. arciconfraternita della Minerva di Roma, ... raccolta fatta da Gio: Giacomo Besozzo ... l'anno 1694. Ed accomodata allo stato presente per ordine Capitolare del dì 18. giugno 1735$9(OLS)http://semarc/title/408296 996 $6264$aIn Milano :$bPer Pietro Antonio Frigerio, vicino a Santa Margarita$9(OLS)http://semarc/publisher/57219 LEADER 01429nam a2200313 i 4500 001 000000219685 003 CaOOAMICUS 005 20130404000000.0 008 130404s2006 it u000 u ita u 013 $a198582 020 $a88-215-5607-7 040 $aSeMil$bita 100 1 $aPaoli, Arturo,$c.$0(OLS)http://semarc/name/10698 245 10$aVivo sotto la tenda :$blettere ad Adele Toscano /$cArturo Paoli ; a cura di Pier Giorgio Camaiani e Paola Paterni. 260 $aCinisello Balsamo :$bSan Paolo,$c2006. 300 $a542 p., [4] c. di tav. :$bill. ;$c22 cm. 490 0 $aAttualità e storia ;$v62. 500 $aFondo card. C. M. Martini. 650 4$aPaoli, Arturo .$0(OLS)http://semarc/subject/34420 700 1 $aPaterni, Paola.$0(OLS)http://semarc/name/77085 700 1 $aCamaiani, Pier Giorgio,$d<1930- >.$0(OLS)http://semarc/name/17175 830 0$aAttualità e storia ;$v62.$0(OLS)http://semarc/title/5888 850 $aSeMil 852 $aSeMil$W1$xVenegono$y1$m3G III 351$j170046$B170046$CSeMilBibl$Z2$F182345 $81 941 1 $a4 961 $aLascito: Martini Card. Carlo Maria 996 $6020$a88-215-5607-7$9(OLS)http://semarc/number/217884 996 $6245$aVivo sotto la tenda :$blettere ad Adele Toscano$9(OLS)http://semarc/title/315132 996 $6260$aCinisello Balsamo :$bSan Paolo$9(OLS)http://semarc/publisher/30129